• 首页
  • 本馆介绍
  • 公告通知
  • 最新文献
  • 馆藏检索
  • 电子资源
  • 读者导购
  • 参考咨询
  • 我的图书馆
  • 登录
  • 详细信息显示
  • 放入我的书架
  • 预约/预借图书
  • 作者相关作品
  • 分类相关作品
  • 丛书相关作品
  • 出版社相关作品

书目信息

  • 表格格式
  • 工作单格式
  • 卡片格式
题名:
土地利用规划
    
 
作者: 张凤荣 , 赵婷婷 主编
分册:  
出版信息: 北京   国家开放大学出版社  2021.1
页数: 230页
开本: 26cm
丛书名:
单 册:
中图分类: F301.23
科图分类:
主题词: 土地规划--tu di gui hua--开放教育--教材
电子资源:
ISBN: 978-7-304-10669-0
000 01053nam0 2200265 450
001 2161462911
005 20211003084038.22
010    @a978-7-304-10669-0@dCNY33.00
100    @a20210513d2021 em y0chiy0120 ea
101 0  @achi
102    @aCN@b110000
105    @aa z 000yy
106    @ar
200 1  @a土地利用规划@Atu di li yong gui hua@f张凤荣,赵婷婷主编
205    @a2版
210    @a北京@c国家开放大学出版社@d2021.1
215    @a230页@c图@d26cm
300    @a教育部“一村一名大学生计划”教材 开放教育融媒体教材
330    @a本书的绪论部分介绍了有关土地、土地利用与土地利用规划方面的一些基本概念;第一章介绍了与土地利用和保护密切相关的气象学、土壤学、土地资源学方面的内容;第二章介绍了土地利用总体规划;第三章介绍了各种农业用地的内部详细规划;第四章介绍了某些后备土地资源的开发规划方面的内容。
606 0  @a土地规划@Atu di gui hua@x开放教育@j教材
690    @aF301.23@v5
701  0 @a张凤荣@Azhang feng rong@4主编
701  0 @a赵婷婷@Azhao ting ting@4主编
801  0 @aCN@b百万庄@c20210929
905    @b1302834-37@dF301.23@e43=2@f4
    
    土地利用规划/张凤荣,赵婷婷主编.-2版.-北京:国家开放大学出版社,2021.1
    230页:图;26cm
    教育部“一村一名大学生计划”教材 开放教育融媒体教材
    
    ISBN 978-7-304-10669-0:CNY33.00
    本书的绪论部分介绍了有关土地、土地利用与土地利用规划方面的一些基本概念;第一章介绍了与土地利用和保护密切相关的气象学、土壤学、土地资源学方面的内容;第二章介绍了土地利用总体规划;第三章介绍了各种农业用地的内部详细规划;第四章介绍了某些后备土地资源的开发规划方面的内容。
●
相关链接 在E读中查询图书 在五车中查询图书 在当当中查询图书 在豆瓣中查询图书


正题名:土地利用规划     索取号:F301.23/43=2         预约/预借

序号 登录号 条形码 馆藏地/架位号 状态 备注
1 1302834   213028347   第一样本阅览室/ [索取号:F301.23/43=2] 在馆    
2 1302835   213028356   第一借阅区/ [索取号:F301.23/43=2] 在馆    
3 1302836   213028365   第一借阅区/ [索取号:F301.23/43=2] 在馆    
4 1302837   213028374   第一借阅区/ [索取号:F301.23/43=2] 在馆    
唐山师范学院图书馆 欢迎您!
大连网信软件有限公司© 版权所有